000 00876nam a2200277 4500
003 EG-GICUC
005 20260205124141.0
008 260205s1955 fr ||||fr|||| 00| 0 fre d
040 _aEG-GiCUC
_bfre
_cEG-GiCUC
_dEG-GiCUC
_eRda
041 0 _afre
082 0 4 _221
_a341.84
_bGA . C
092 0 4 _221
099 _aLaw1 12 341.84 GA . C 1955
100 1 _aGavalda, Charles
_eAuteur
245 1 4 _aLes conflits dans le temps en droit international privé /
_cCharles Gavalda.
264 1 _aParis :
_bRecueil Sirey,
_c1955.
300 _a431 page ;
_c 24 cm.
336 _2rda contenu
_a texte
337 _2rda medias
_aOrdinateur
338 _2 transporteur rda
_a Ressource en ligne
546 _aTexte en français
650 1 4 _aDroit international privé
856 4 0 _uhttps://fll.law.cu.edu.eg/fulltext/bks/B12-02383.pdf
905 _a30
942 _2ddc
_cBK
_e21
_n0
999 _c61241
_d61241